| 000 | 00451nam a22001937a 4500 | ||
|---|---|---|---|
| 003 | Ost | ||
| 005 | 20200806141309.0 | ||
| 008 | 200806b ||||| |||| 00| 0 eng d | ||
| 020 | _a0596009402 | ||
| 040 | _c0 | ||
| 050 | _a0 | ||
| 082 |
_222 _a005.133 |
||
| 100 | _aLutz, Mark. | ||
| 245 | _aPython pocket reference / | ||
| 250 | _a3rd ed. | ||
| 260 |
_aCalifornia, _bO'Reilly, _cc2005. |
||
| 300 |
_aix, 148p. ; _bill. ; _c17 cm. |
||
| 942 |
_2ddc _cIT |
||
| 999 |
_c2151 _d2151 |
||